| 000 | 00990nam a2200289Ia 4500 | ||
|---|---|---|---|
| 003 | OSt | ||
| 005 | 20221005065008.0 | ||
| 006 | a|||||r|||| 00| 0 | ||
| 007 | ta | ||
| 008 | 221004b |||||||| |||| 00| 0 eng d | ||
| 020 |
_a0719056632 _c3762 |
||
| 024 | _a83477 | ||
| 037 |
_b5986, 30/03/2005, Elite Publishers Distributors _cTextual |
||
| 040 |
_aCRL _cCRL _beng |
||
| 041 |
_2eng _aeng |
||
| 082 | _aP:330aY:6, P0 | ||
| 100 | _aHowarth David Ed. | ||
| 245 | 0 |
_aDiscourse theory and political analysis _b Identities, hegemonies and social change |
|
| 260 |
_aManchester _bManchester University Press U. K. _c2000 |
||
| 300 |
_a243p. _ccm. |
||
| 650 | _a LINGUISTICS | ||
| 650 | _aLINGUISTICS | ||
| 700 | _a Norval Aletta J. Ed. | ||
| 700 |
_a Stavrakakis Yannis Ed. _933934 |
||
| 942 |
_hP:330aY:6, P0 _cTEXL _2cc |
||
| 999 |
_c973925 _d973925 |
||